| 000 | 00351nam a2200097Ia 4500 | ||
|---|---|---|---|
| 008 | 220204s9999 xx 000 0 und d | ||
| 082 |
_aNR:62(083.74)AST1996 _bANN.09.01 |
||
| 245 | 0 | _a1996 annual book of ASTM standards vol. 09.01 : Rubber, natural and synthetic, General test methods, carbon black | |
| 260 |
_aWest conshohocken _bASTM _c1996 |
||
| 942 | _cBK | ||
| 999 |
_c41006 _d41006 |
||